Cwiczenia laboratornyje z podstaw metrologii /

Gespeichert in:
Bibliographische Detailangaben
Hauptverfasser: Adamczak, Stanislav (Verfasst von), Sender, Ewa (Verfasst von)
Format: Buch
Sprache:Polnisch
Veröffentlicht: Kielce : Politechnika Swietokrzyska, 1994
Schlagworte:
Tags: Tag hinzufügen
Keine Tags, Fügen Sie das erste Tag hinzu!

MARC

LEADER 00000nam a22000003a 4500
001 stu45642
005 20150617225715.4
008 970212s1994----pl------------------pol-d
040 |a STU  |b slo 
041 0 |a pol 
044 |a pl 
080 |a 389 
100 1 |a Adamczak, Stanislav  |4 aut 
245 1 |a Cwiczenia laboratornyje z podstaw metrologii /  |c [aut.]Stanislav Adamczak, Ewa Sender 
260 |a Kielce :  |b Politechnika Swietokrzyska,  |c 1994 
300 |a 105 s 
650 7 |a metrológia  |2 stusub 
700 1 |a Sender, Ewa  |4 aut 
996 |b 284M053357  |c M*Z-889  |l MMKN  |s A  |a 24  |w stu45642_0001